| 000 | 00378nam a2200157Ia 4500 | ||
|---|---|---|---|
| 008 | 230917s9999||||xx |||||||||||||| ||und|| | ||
| 020 | _cPOU3.95 | ||
| 040 |
_e3609 _aMAIN |
||
| 041 | _aEnglish | ||
| 082 | _a320.942 D84P | ||
| 100 | _aDrucker, H M | ||
| 245 | 0 | _aPolitics of nationalism and devolution | |
| 260 |
_aLondon _bLongman _c1980 |
||
| 300 | _a138 p. | ||
| 942 | _cBK | ||
| 999 |
_c212338 _d212338 |
||